Amerykańskie Marki Samochodów - Statystyki

Ogólne statystyki
  • Ten quiz został rozwiązany 86 razy
  • Średni wynik to 10 z 16
Statystyki odpowiedzi
Obrazkowy Odpowiedź % Poprawnych
Chevrolet
99%
Ford
99%
Dodge
93%
Tesla
88%
Cadillac
80%
Jeep
78%
Corvette
67%
Chrysler
61%
Pontiac
59%
GMC
52%
Shelby
48%
Buick
46%
Lincoln
45%
Hummer
35%
Oldsmobile
20%
Plymouth
12%
Nie znaleziono quizów pasujących do podanych kryteriów
Rozkład punktacji
Procent ludzi z każdym wynikiem
Percentyl według liczby udzielonych odpowiedzi
Twoja historia wyników
Nie rozwiązałeś tego quizu